Paldea Pokedex Deutsch/German - Statistiken

Allgemein
  • Dieses Quiz wurde 139 mal gespielt
    135 seit der letzten Aktualisierung
  • Das Durchschnittsergebnis liegt bei 281 aus 400
Antwortstatistiken
Hint Antwort % Korrekt
004 Krokel
95%
001 Felori
93%
007 Kwaks
93%
009 Bailonda
88%
005 Lokroko
87%
006 Skelokrok
87%
010 Ferkuli
85%
003 Maskagato
85%
400 Miraidon
85%
002 Feliospa
83%
399 Koraidon
83%
012 Tarundel
83%
008 Fuentente
81%
064 Guardevoir
81%
063 Kirlia
81%
062 Trasla
81%
180 Aquana
80%
181 Blitza
80%
179 Evoli
80%
187 Feelinara
80%
021 Fiaro
80%
182 Flamara
80%
011 Fragrunz
80%
065 Gallagladi
80%
135 Garados
80%
186 Glaziola
80%
015 Lextremo
80%
095 Luxio
80%
096 Luxtra
80%
014 Micrick
80%
184 Nachtara
80%
023 Pamamo
80%
022 Pamo
80%
013 Spinsidias
80%
099 Staraptor
80%
098 Staravia
80%
020 Dartignis
79%
019 Dartiri
79%
398 Eisenkrieger
79%
055 Enton
79%
053 Felino
79%
185 Folipurba
79%
067 Hypno
79%
134 Karpador
79%
024 Pamomamo
79%
183 Psiana
79%
036 Puponcho
79%
035 Purmel
79%
094 Sheinux
79%
054 Suelord
79%
223 Tauros
79%
396 Yuyu
79%
377 Brüllschweif
77%
397 Donnersichel
77%
348 Dragonir
77%
349 Dragoran
77%
347 Dratini
77%
387 Eisendorn
77%
386 Eisenfalter
77%
385 Eisenhals
77%
384 Eisenhand
77%
056 Entoron
77%
391 Gierspenst
77%
392 Monetigo
77%
073 Pichu
77%
074 Pikachu
77%
075 Raichu
77%
131 Saltigant
77%
097 Staralili
77%
048 Azumarill
76%
046 Azurill
76%
051 Bamelin
76%
052 Bojelin
76%
383 Eisenbündel
76%
324 Flegmon
76%
388 Frospino
76%
367 Gladiantri
76%
117 Hariyama
76%
374 Heerashai
76%
016 Hoppspross
76%
061 Knuddeluff
76%
325 Lahmus
76%
326 Laschoking
76%
116 Makuhita
76%
047 Marill
76%
088 Mogelbaum
76%
375 Nigiragi
76%
018 Papungha
76%
133 Pelipper
76%
060 Pummeluff
76%
376 Riesenzahn
76%
288 Schligda
76%
289 Schligdri
76%
114 Traunfugil
76%
115 Traunmagil
76%
037 Vivillon
76%
207 Voltobal
76%
132 Wingull
76%
290 Adebom
75%
103 Ampharos
75%
214 Arkani
75%
368 Caesurio
75%
148 Digda
75%
382 Eisenrad
75%
059 Fluffeluff
75%
213 Fukano
75%
281 Granforgita
75%
017 Hubelupf
75%
026 Hundemon
75%
025 Hunduster
75%
249 Klibbe
75%
208 Lektrobal
75%
209 Magnetilo
75%
210 Magneton
75%
027 Mangunior
75%
028 Manguspektor
75%
141 Mauzi
75%
158 Menki
75%
159 Rasaff
75%
142 Snobilikat
75%
215 Teddiursa
75%
066 Traumato
75%
216 Ursaring
75%
102 Waaty
75%
364 Arktilas
73%
078 Bummelz
73%
318 Despotar
73%
149 Digdri
73%
123 Donphan
73%
109 Drapfel
73%
371 Duodino
73%
160 Epitaff
73%
279 Forgita
73%
259 Forstellka
73%
129 Geosali
73%
235 Hypnomorba
73%
370 Kapuno
73%
307 Katapuldra
73%
108 Knapfel
73%
113 Krawalloro
73%
380 Kriechflügel
73%
316 Larvitar
73%
080 Letarking
73%
211 Magnezone
73%
087 Mobai
73%
079 Muntier
73%
317 Pupitar
73%
269 Rabigator
73%
029 Raffel
73%
268 Rokkaiman
73%
110 Schlapfel
73%
030 Schlaraffel
73%
130 Sedisal
73%
260 Sichlor
73%
230 Sniebel
73%
280 Tafforgita
73%
258 Tannza
73%
244 Tentagra
73%
372 Trikephalo
73%
101 Voltilamm
73%
378 Wutpilz
73%
069 Alpollo
72%
220 Altaria
72%
363 Arktip
72%
394 Baojian
72%
354 Botogel
72%
153 Bronzel
72%
154 Bronzong
72%
278 Brutalanda
72%
389 Cryospino
72%
395 Dinglu
72%
189 Dummimisel
72%
390 Espinodon
72%
346 Flaminkno
72%
267 Ganovil
72%
070 Gengar
72%
305 Grolldra
72%
276 Kindwurm
72%
362 Kolowal
72%
221 Mähikel
72%
040 Meikro
72%
234 Mollimorba
72%
295 Mopex
72%
236 Morbitesse
72%
068 Nebulak
72%
084 Olini
72%
306 Phandra
72%
122 Phanpy
72%
261 Scherox
72%
296 Schlurm
72%
231 Snibunna
72%
032 Sonnflora
72%
031 Sonnkern
72%
171 Wampitz
72%
077 Backel
71%
170 Blipp
71%
044 Chaneira
71%
222 Chevrumm
71%
393 Chongjian
71%
277 Draschel
71%
188 Dummisel
71%
193 Farigiraf
71%
358 Firnontor
71%
361 Flaniwal
71%
379 Flatterhaar
71%
359 Frosdedje
71%
369 Gladimperio
71%
076 Hefel
71%
045 Heiteira
71%
274 Ignivor
71%
107 Kapilz
71%
294 Knattatox
71%
293 Knattox
71%
106 Knilz
71%
041 Kranoviz
71%
042 Krarmor
71%
302 Kryppuk
71%
162 Meditalis
71%
161 Meditie
71%
275 Ramoth
71%
381 Sandfell
71%
357 Schneppke
71%
194 Sleima
71%
245 Tenterra
71%
177 Voltrel
71%
219 Wablu
71%
043 Wonneira
71%
152 Camerupt
69%
100 Choreogel
69%
204 Damhirplex
69%
145 Flabébé
69%
146 Floette
69%
147 Florges
69%
049 Gehweiher
69%
365 Geronimatz
69%
192 Girafarig
69%
126 Kaumalat
69%
164 Lucario
69%
336 Mamolida
69%
050 Maskeregen
69%
120 Molunk
69%
201 Pachirisu
69%
355 Petznief
69%
150 Qurtel
69%
353 Rexblisar
69%
163 Riolu
69%
356 Siberio
69%
262 Skaraborn
69%
195 Sleimok
69%
246 Tropius
69%
173 Viscargot
69%
174 Viscogon
69%
172 Viscora
69%
366 Washakwil
69%
121 Amfira
68%
330 Austos
68%
138 Barschuft
68%
256 Bluzuk
68%
321 Britzigel
68%
151 Camaub
68%
200 Dedenne
68%
212 Ditto
68%
072 Famieps
68%
360 Frigometri
68%
082 Frubaila
68%
081 Frubberl
68%
083 Fruyal
68%
175 Glibunkel
68%
265 Hippopotas
68%
266 Hippoterus
68%
206 Hutsassa
68%
128 Knakrack
68%
233 Kramshef
68%
232 Kramurx
68%
124 Kupfanti
68%
104 Lilminip
68%
197 Mastifioso
68%
329 Muschas
68%
085 Olivinio
68%
257 Omot
68%
190 Sesokitz
68%
352 Shnebedeck
68%
205 Tarnpignon
68%
228 Zorua
68%
299 Banette
67%
105 Dressella
67%
237 Fatalitee
67%
312 Friedwuff
67%
311 Gruff
67%
127 Knarksel
67%
238 Mortipot
67%
086 Olithena
67%
125 Patinaraja
67%
322 Sankabuh
67%
298 Shuppet
67%
202 Sproxi
67%
198 Toxel
67%
176 Toxiquak
67%
178 Voltrean
67%
342 Zapplalek
67%
343 Zapplarang
67%
341 Zapplardin
67%
297 Zobiris
67%
229 Zoroark
67%
071 Zwieps
67%
345 Aggrostella
65%
251 Halupenjo
65%
165 Knarbon
65%
224 Leufeo
65%
308 Lumispross
65%
225 Pyroleo
65%
199 Riffex
65%
310 Rotom
65%
227 Skuntank
65%
203 Afiti
64%
167 Azugladis
64%
285 Bähmon
64%
137 Barrakiefa
64%
282 Brimova
64%
323 Colossand
64%
143 Driftlon
64%
144 Drifzepeli
64%
303 eF-eM
64%
263 Flattutu
64%
344 Garstella
64%
191 Kronjuwild
64%
309 Lumiflora
64%
196 Mobtiff
64%
287 Olangaar
64%
273 Pampross
64%
272 Pampuli
64%
286 Pelzebub
64%
139 Schluppuck
64%
284 Silembrim
64%
226 Skunkapuh
64%
304 UhaFnir
64%
034 Zirpeise
64%
033 Zirpurze
64%
283 Brimano
63%
250 Chilingel
63%
039 Honweisel
63%
335 Knirfish
63%
136 Pikuda
63%
264 Psiopatra
63%
140 Schlukwech
63%
217 Sengo
63%
373 Veluza
63%
218 Vipitis
63%
038 Wadribie
63%
169 Welsar
63%
333 Finneon
61%
334 Lumineon
61%
168 Schmerbe
61%
090 Wolwerock
61%
340 Wummer
61%
091 Klonkett
60%
093 Montecarbo
60%
351 Mottineva
60%
301 Resladero
60%
339 Scampisto
60%
350 Snomnom
60%
338 Tandrak
60%
092 Wagong
60%
089 Wuffels
60%
058 Kamalm
59%
313 Kommandutan
59%
320 Kubuin
59%
314 Quartermak
59%
254 Relluk
59%
242 Weherba
59%
337 Algitt
57%
240 Clavion
57%
166 Crimanzo
57%
243 Horrerba
57%
319 Humanolith
57%
057 Kamehaps
57%
253 Noktuska
57%
291 Normifin
57%
252 Tuska
57%
292 Delfinator
56%
328 Gastrodon
56%
118 Krabbox
56%
119 Krawell
56%
271 Sanaconda
56%
327 Schalellos
56%
241 Servol
56%
255 Skarabaks
56%
155 Milza
55%
239 Mimigma
55%
270 Salanga
55%
156 Sharfax
55%
331 Baldorfish
53%
300 Legios
53%
157 Maxax
53%
332 Liebiskus
49%
112 Groink
48%
315 Koalelu
48%
111 Spoink
48%
247 Imantis
40%
248 Mantidea
40%
Keine übereinstimmenden Quizze gefunden
Verteilung der Resultate
Anzahl Personen mit jedem Resultat
Perzentil nach korrekt beantworteten Fragen
Ihre Resultats-Entwicklung
Sie haben dieses Quiz seit der letzten Aktualisierung nicht gespielt